[Event "Oberpfalz-ch M2"]
[Site "Kareth Lappersdorf"]
[Date "2008.03.18"]
[Round "7"]
[White "Gschwendner, Anton"]
[Black "Muehlbauer, Wolfgang Jr"]
[Result "0-1"]
[WhiteElo "1647"]
[BlackElo "1770"]
[PlyCount "74"]
[EventDate "2008.03.15"]
[EventType "swiss"]
[EventRounds "8"]
[EventCountry "GER"]
[SourceTitle "EXT 2022"]
[Source "ChessBase"]
[SourceDate "2021.10.06"]
[SourceVersion "1"]
[SourceVersionDate "2021.10.06"]
[SourceQuality "1"]

1. e4 e5 2. Nf3 Nc6 3. Bc4 Bc5 4. c3 Nf6 5. d3 d6 6. h3 0-0 7. 0-0 Be6 8. Bxe6 fxe6 9. Qb3 Qc8 10. Bg5 Bb6 11. Re1 h6 12. Bh4 Qd7 13. Nbd2 Nh5 14. Qc2 g5 15. Rf1 gxh4 16. Nxh4 Ng3 17. Nc4 Nxf1 18. Nxb6 axb6 19. Rxf1 Rxa2 20. f4 Rfa8 21. f5 exf5 22. exf5 Qg7 23. Qb3+ Kh7 24. Qd5 Qg5 25. Qe4 d5 26. Qe1 Re8 27. g4 d4 28. Qg3 Qe3+ 29. Qxe3 dxe3 30. Re1 Ne7 31. Rxe3 Nd5 32. Re4 Nf4 33. Re3 Rf8 34. Kh2 Raa8 35. d4 Rae8 36. Kg3 Nd5 37. dxe5 Nxe3 0-1

[Event "Oberpfalz-ch M2"]
[Site "Kareth Lappersdorf"]
[Date "2008.03.15"]
[Round "2"]
[White "Cserti, Istvan"]
[Black "Muehlbauer, Wolfgang Jr"]
[Result "1/2-1/2"]
[WhiteElo "1624"]
[BlackElo "1770"]
[PlyCount "87"]
[EventDate "2008.03.15"]
[EventType "swiss"]
[EventRounds "8"]
[EventCountry "GER"]
[SourceTitle "EXT 2022"]
[Source "ChessBase"]
[SourceDate "2021.10.06"]
[SourceVersion "1"]
[SourceVersionDate "2021.10.06"]
[SourceQuality "1"]

1. e4 e5 2. Nf3 Nc6 3. d4 exd4 4. Nxd4 Nxd4 5. Qxd4 d6 6. c4 Nf6 7. Nc3 Be7 8. Be2 0-0 9. h3 b6 10. Bf4 Bb7 11. 0-0-0 Nd7 12. Qe3 Bf6 13. Nd5 Bxd5 14. Rxd5 Re8 15. Rhd1 Nc5 16. f3 Ne6 17. Kb1 Nxf4 18. Qxf4 Qe7 19. Bd3 Be5 20. Qe3 c6 21. Rxe5 dxe5 22. f4 exf4 23. Qxf4 Qe5 24. Qf3 Rad8 25. Rf1 f6 26. Bc2 c5 27. h4 Rb8 28. Qg4 g5 29. Rf5 Qe7 30. hxg5 fxg5 31. Rxg5+ Kh8 32. Qh4 Qf7 33. Rf5 Qg7 34. e5 Rf8 35. Rf6 Rxf6 36. exf6 Qf7 37. g4 Rd8 38. g5 Rd4 39. Qh6 Rg4 40. b3 Rg1+ 41. Kb2 Rg2 42. Kc3 Rg3+ 43. Kb2 Rg2 44. Kc3 1/2-1/2

[Event "Oberpfalz-ch M2"]
[Site "Kareth Lappersdorf"]
[Date "2008.03.15"]
[Round "1"]
[White "Muehlbauer, Wolfgang Jr"]
[Black "Baumer, Klaus"]
[Result "0-1"]
[WhiteElo "1770"]
[BlackElo "1612"]
[PlyCount "82"]
[EventDate "2008.03.15"]
[EventType "swiss"]
[EventRounds "8"]
[EventCountry "GER"]
[SourceTitle "EXT 2022"]
[Source "ChessBase"]
[SourceDate "2021.10.06"]
[SourceVersion "1"]
[SourceVersionDate "2021.10.06"]
[SourceQuality "1"]

1. e4 e6 2. d4 d5 3. exd5 exd5 4. Nf3 Bg4 5. Be2 Bxf3 6. Bxf3 Nf6 7. 0-0 Be7 8. Bf4 0-0 9. c3 Re8 10. Nd2 c6 11. Re1 Bd6 12. Rxe8+ Nxe8 13. Bxd6 Qxd6 14. Qe2 Nd7 15. Re1 Kf8 16. Qd3 Nef6 17. a3 Re8 18. Rd1 b5 19. Nb3 Qc7 20. g3 g6 21. Bg2 Qd8 22. Bh3 Re7 23. Bxd7 Qxd7 24. Na5 Qe8 25. Kf1 Kg7 26. f3 Re3 27. Qd2 Rxf3+ 28. Kg2 Qe4 29. Kg1 Re3 30. Qg2 Qxg2+ 31. Kxg2 Re2+ 32. Kf3 Rxb2 33. Nxc6 a6 34. Nb8 Rb3 35. Nxa6 Rxa3 36. Nb8 Rxc3+ 37. Kf4 b4 38. Na6 b3 39. Rb1 Rd3 40. Ke5 Re3+ 41. Kd6 Re6+ 0-1